[Event "IX Floripa Chess Open Fort Atacadista"]
[Site "Florianópolis - Santa Catari"]
[Date "2023.01.29"]
[Round "10.29"]
[White "Lujan, Carolina"]
[Black "Jodorcovsky, Alejandro David"]
[Result "1-0"]
[WhiteElo "2324"]
[BlackElo "1808"]
[PlyCount "23"]
[EventDate "2023.01.23"]
[EventRounds "10"]
[EventCountry "BRA"]

1. Nf3 f5 2. d3 Nc6 3. e4 e5 4. Nc3 Bb4 5. d4 Nf6 6. exf5 exd4 7. Nxd4 Qe7+ 8.
Be3 Nd5 9. Qh5+ Kd8 10. O-O-O Bxc3 11. Bg5 Nf6 12. Ne6+ 1-0

[Event "IX Floripa Chess Open Fort Atacadista"]
[Site "Florianópolis - Santa Catari"]
[Date "2023.01.29"]
[Round "10.30"]
[White "Araujo, Renan Aparecido"]
[Black "Caetano, Ryan Wesley Da Cost"]
[Result "1/2-1/2"]
[WhiteElo "2041"]
[BlackElo "2240"]
[PlyCount "104"]
[EventDate "2023.01.23"]
[EventRounds "10"]
[EventCountry "BRA"]

1. e4 c5 2. Nf3 d6 3. Bb5+ Nd7 4. O-O a6 5. Bd3 b5 6. c3 Ngf6 7. a4 c4 8. Bc2
Rb8 9. axb5 axb5 10. Nd4 Qc7 11. d3 e5 12. Nf5 cxd3 13. Bxd3 Nc5 14. Ne3 Nxd3
15. Qxd3 Be7 16. Na3 Qb7 17. f3 O-O 18. Nac2 Be6 19. Nb4 Rbd8 20. Ned5 Nxd5 21.
exd5 Bd7 22. Be3 Ra8 23. f4 Bf6 24. f5 Rfe8 25. g4 e4 26. Qd2 Be5 27. Rae1 Re7
28. Re2 Rae8 29. Ra1 Ra8 30. Rf1 Rae8 31. Ra1 Ra8 32. Rf1 Qc8 33. Bf4 Qc5+ 34.
Qe3 f6 35. Bxe5 Rxe5 36. Rd1 g6 37. Rd4 gxf5 38. gxf5 Rxf5 39. Rxe4 Ra1+ 40.
Kg2 Rg5+ 41. Kf2 Rh1 42. Rh4 Rf5+ 43. Kg2 Rff1 44. Rg4+ Bxg4 45. Qe8+ Kg7 46.
Re7+ Kh6 47. Qf8+ Kh5 48. Qf7+ Kg5 49. Qg7+ Kh5 50. Qxh7+ Kg5 51. Qg7+ Kh5 52.
Qh7+ Kg5 1/2-1/2

[Event "IX Floripa Chess Open Fort Atacadista"]
[Site "Florianópolis - Santa Catari"]
[Date "2023.01.29"]
[Round "10.31"]
[White "Almeida Junior, Alvaro Alves De"]
[Black "Fernandez, Maria Florencia"]
[Result "1-0"]
[WhiteElo "2045"]
[BlackElo "2181"]
[PlyCount "95"]
[EventDate "2023.01.23"]
[EventRounds "10"]
[EventCountry "BRA"]

1. e4 d6 2. d4 Nf6 3. Nc3 g6 4. Be3 Bg7 5. Qd2 c6 6. Bh6 Bxh6 7. Qxh6 Nbd7 8.
Nf3 e5 9. O-O-O Ng4 10. Qd2 Qe7 11. h3 Ngf6 12. Qh6 Qf8 13. Qh4 Qg7 14. dxe5
dxe5 15. Rd6 O-O 16. Bc4 h6 17. Rhd1 Re8 18. Bb3 g5 19. Qg3 Nh5 20. Qh2 Nc5 21.
Rd8 Nxb3+ 22. axb3 Be6 23. Rxa8 Rxa8 24. Nxe5 Nf4 25. Nd3 Nxd3+ 26. Rxd3 Qf6
27. Qg3 a5 28. e5 Qg6 29. Rd4 b5 30. Ne4 a4 31. bxa4 bxa4 32. Qd3 Kg7 33. Nc5
Bf5 34. Qc3 Kh7 35. Rd6 Qg7 36. Rf6 Bg6 37. Rxc6 Re8 38. Nd7 Kh8 39. Nf6 Rd8
40. Rc8 Qf8 41. Rxd8 Qxd8 42. e6 Kg7 43. Nd5+ f6 44. Qc5 Be8 45. g4 Kg6 46. c4
a3 47. bxa3 Ba4 48. Qe7 1-0

[Event "IX Floripa Chess Open Fort Atacadista"]
[Site "Florianópolis - Santa Catari"]
[Date "2023.01.29"]
[Round "10.32"]
[White "De Oliveira, Aquiles Machado"]
[Black "Aranha Filho, Alvaro Z."]
[Result "1/2-1/2"]
[WhiteElo "2013"]
[BlackElo "2171"]
[PlyCount "73"]
[EventDate "2023.01.23"]
[EventRounds "10"]
[EventCountry "BRA"]

1. e4 d5 2. exd5 Nf6 3. d4 Nxd5 4. c4 Nb6 5. Nc3 e5 6. dxe5 Qxd1+ 7. Nxd1 Nc6
8. Nf3 Bg4 9. Ne3 Bxf3 10. gxf3 Bb4+ 11. Bd2 Bxd2+ 12. Kxd2 O-O-O+ 13. Kc3 Nxe5
14. Be2 Na4+ 15. Kb3 Nc5+ 16. Kc3 Na4+ 17. Kb3 Rd2 18. Rhe1 Nc5+ 19. Kc3 Rhd8
20. Nd5 Nxf3 21. Bxf3 Rd3+ 22. Kb4 Na6+ 23. Ka5 Rxf3 24. Rad1 c6 25. Ne7+ Kc7
26. Rxd8 Kxd8 27. Nxc6+ bxc6 28. Kxa6 Rxf2 29. Rb1 Rxh2 30. Kxa7 Rc2 31. Kb7 c5
32. a4 Rxc4 33. a5 Rb4+ 34. Kc6 c4 35. a6 Ra4 36. Kb7 Rb4+ 37. Kc6 1/2-1/2

[Event "IX Floripa Chess Open Fort Atacadista"]
[Site "Florianópolis - Santa Catari"]
[Date "2023.01.29"]
[Round "10.33"]
[White "Carvalho, Guillermo"]
[Black "Souza Dos Santos, Matheus Garcett"]
[Result "1/2-1/2"]
[WhiteElo "2154"]
[BlackElo "2041"]
[PlyCount "90"]
[EventDate "2023.01.23"]
[EventRounds "10"]
[EventCountry "BRA"]

1. d4 Nf6 2. Nc3 d5 3. Bf4 g6 4. e3 Bg7 5. h4 c5 6. h5 Nxh5 7. Rxh5 gxh5 8.
Qxh5 cxd4 9. Be5 dxc3 10. Bxg7 cxb2 11. Rb1 Qa5+ 12. c3 Rg8 13. Qxh7 Rxg7 14.
Qh8+ Kd7 15. Qxg7 Nc6 16. Bd3 f6 17. Ne2 Qxa2 18. Nd4 Nxd4 19. exd4 Qa3 20. Kd2
Kc7 21. Re1 b1=N+ 22. Bxb1 Qd6 23. Rxe7+ Bd7 24. g3 Rd8 25. Bf5 Kc8 26. Bxd7+
Rxd7 27. Rxd7 Qxd7 28. Qxf6 Qb5 29. Qf8+ Kd7 30. Qb4 Qc6 31. f4 b6 32. Qf8 a5
33. f5 Qb5 34. Qf7+ Kd8 35. Qf6+ Ke8 36. Qe6+ Kf8 37. Qd6+ Kf7 38. Qc7+ Kf8 39.
Ke3 a4 40. f6 Qe8+ 41. Kd2 Qe6 42. Qg7+ Ke8 43. Qh8+ Kf7 44. Qg7+ Ke8 45. Qg6+
Kf8 1/2-1/2

[Event "IX Floripa Chess Open Fort Atacadista"]
[Site "Florianópolis - Santa Catari"]
[Date "2023.01.29"]
[Round "10.34"]
[White "Cordero, Daniela"]
[Black "Delgado, Lidio Dias"]
[Result "0-1"]
[WhiteElo "2027"]
[BlackElo "2150"]
[PlyCount "96"]
[EventDate "2023.01.23"]
[EventRounds "10"]
[EventCountry "BRA"]

1. d4 Nf6 2. Nf3 e6 3. e3 c5 4. Bd3 Nc6 5. O-O Qc7 6. c4 d5 7. Nc3 dxc4 8. Bxc4
a6 9. a4 Be7 10. Qe2 O-O 11. Rd1 b6 12. d5 exd5 13. Nxd5 Nxd5 14. Bxd5 Bb7 15.
e4 Rad8 16. Be3 Nb4 17. Bxb7 Qxb7 18. Bf4 Qc6 19. h4 Rxd1+ 20. Rxd1 Qxa4 21. h5
h6 22. Ne5 Qc2 23. Rd2 Qb1+ 24. Kh2 b5 25. Nd7 Re8 26. Qg4 Qxe4 27. Re2 Qc6 28.
Be5 g5 29. hxg6 Qxg6 30. Qf3 Nc6 31. Bf6 Nd4 32. Bxd4 cxd4 33. Nf6+ Bxf6 34.
Rxe8+ Kg7 35. g3 d3 36. Re3 d2 37. Rd3 Bxb2 38. Rxd2 Bc3 39. Rd8 b4 40. Qa8 Qf6
41. Rg8+ Kh7 42. f3 Qe6 43. Re8 Qg6 44. Re4 h5 45. Qf8 b3 46. Qa3 b2 47. Qb3
Be5 48. Rxe5 b1=Q 0-1

[Event "IX Floripa Chess Open Fort Atacadista"]
[Site "Florianópolis - Santa Catari"]
[Date "2023.01.29"]
[Round "10.35"]
[White "De Siqueira, Luigy Lira"]
[Black "Heinechen, Juan"]
[Result "0-1"]
[WhiteElo "2011"]
[BlackElo "2146"]
[PlyCount "80"]
[EventDate "2023.01.23"]
[EventRounds "10"]
[EventCountry "BRA"]

1. e4 c5 2. Nf3 Nc6 3. d4 cxd4 4. Nxd4 g6 5. Nc3 Bg7 6. Be3 Nf6 7. Bc4 O-O 8.
Bb3 a5 9. a4 Ng4 10. Qxg4 Nxd4 11. Qd1 Nxb3 12. cxb3 Ra6 13. Qd2 Re6 14. O-O f5
15. Rac1 b6 16. Qd5 Qc7 17. Nb5 Qe5 18. Qa8 Qxe4 19. Qxe4 fxe4 20. Rfd1 Bxb2
21. Rc2 Be5 22. Na7 Ba6 23. Rxd7 Bf4 24. Rc3 Bd3 25. Bxf4 Rxf4 26. Rc8+ Kg7 27.
g3 Rff6 28. Rcc7 Ba6 29. Rxe7+ Rxe7 30. Rxe7+ Rf7 31. Rxf7+ Kxf7 32. f3 exf3
33. Kf2 Bb7 34. Nb5 Bd5 35. Nc3 Ke6 36. h4 Ke5 37. g4 Bxb3 38. Kxf3 Kd4 39.
Nb5+ Kc5 40. Nc7 Bxa4 0-1

[Event "IX Floripa Chess Open Fort Atacadista"]
[Site "Florianópolis - Santa Catari"]
[Date "2023.01.29"]
[Round "10.36"]
[White "Burgos, Marcelo Alves"]
[Black "Lima, Stefan Moisei Vieir"]
[Result "0-1"]
[WhiteElo "2143"]
[BlackElo "1991"]
[PlyCount "84"]
[EventDate "2023.01.23"]
[EventRounds "10"]
[EventCountry "BRA"]

1. d4 Nf6 2. c4 g6 3. Nc3 d5 4. Nf3 Bg7 5. Bg5 dxc4 6. e4 c5 7. Bxc4 cxd4 8.
Nxd4 Nxe4 9. Nxe4 Qxd4 10. Qxd4 Bxd4 11. O-O-O Nc6 12. Rhe1 Be6 13. Bb5 Rd8 14.
Bh6 a6 15. Bxc6+ bxc6 16. b3 Rd5 17. Rxd4 Rxd4 18. Bg7 Rxe4 19. Rxe4 Rg8 20.
Bc3 Kd7 21. Rb4 Ra8 22. Rb7+ Kd6 23. f4 Bd5 24. g3 f6 25. Ba5 h5 26. Kd2 e5 27.
Rg7 Be4 28. Ke3 Bb1 29. a3 exf4+ 30. gxf4 Re8+ 31. Kf3 Be4+ 32. Kf2 Ke6 33. Bb4
Kf5 34. Bc3 Kxf4 35. Bxf6 Bd3 36. Re7 Rf8 37. Bg7 Rf5 38. Re6 Rc5 39. Ke1 g5
40. Rd6 Be4 41. Rf6+ Ke3 42. Rd6 Bd5 0-1

[Event "IX Floripa Chess Open Fort Atacadista"]
[Site "Florianópolis - Santa Catari"]
[Date "2023.01.29"]
[Round "10.37"]
[White "Segato, Pedro Henrique Pedr"]
[Black "Saito, Vinicius"]
[Result "0-1"]
[WhiteElo "1999"]
[BlackElo "2138"]
[PlyCount "72"]
[EventDate "2023.01.23"]
[EventRounds "10"]
[EventCountry "BRA"]

1. d4 Nf6 2. Nc3 e6 3. Bf4 d5 4. e3 a6 5. g4 h6 6. Qf3 c5 7. h4 cxd4 8. exd4
Nc6 9. O-O-O Bd6 10. Bxd6 Qxd6 11. Nge2 Bd7 12. g5 Ng8 13. g6 fxg6 14. Nf4 Nge7
15. Qg3 Rf8 16. Nce2 Kd8 17. Bh3 Rf6 18. Qe3 b5 19. Nd3 Kc7 20. f4 Nb4 21. Kb1
Nxd3 22. Rxd3 b4 23. Rg1 Bb5 24. Rd2 Raf8 25. h5 R8f7 26. hxg6 Nxg6 27. f5 exf5
28. Nc1 Re7 29. Qf3 Qf4 30. Qxd5 Qxd2 31. Qc5+ Rc6 32. Qa7+ Kd8 33. Qb8+ Rc8
34. Qb6+ Rec7 35. Bxf5 Ne7 36. Bxc8 Qxc2+ 0-1

[Event "IX Floripa Chess Open Fort Atacadista"]
[Site "Florianópolis - Santa Catari"]
[Date "2023.01.29"]
[Round "10.38"]
[White "Dauer, Andre Leonardo"]
[Black "Fernandes Filho, Bergson Fragoso"]
[Result "1/2-1/2"]
[WhiteElo "1990"]
[BlackElo "2113"]
[PlyCount "82"]
[EventDate "2023.01.23"]
[EventRounds "10"]
[EventCountry "BRA"]

1. e4 e6 2. d4 d5 3. exd5 exd5 4. Bd3 Nf6 5. Nc3 c5 6. Qe2+ Be7 7. dxc5 O-O 8.
Bg5 h6 9. Bh4 Bg4 10. f3 Be6 11. Bf2 Nbd7 12. Nh3 Bxc5 13. Nf4 Re8 14. O-O Qc7
15. Qd2 Bd6 16. Nce2 Ne5 17. Nxe6 fxe6 18. Kh1 Nxd3 19. Qxd3 Qf7 20. Ng3 Rac8
21. Rfe1 Rc4 22. Bd4 e5 23. Bxa7 Rh4 24. Nf5 Rxh2+ 25. Kxh2 e4+ 26. Nxd6 Qh5+
27. Kg1 exd3 28. Nxe8 Nxe8 29. cxd3 Nd6 30. Re6 Nf5 31. g4 Qh3 32. gxf5 Qg3+
33. Kf1 Qxf3+ 34. Bf2 Qxd3+ 35. Kg2 Qxf5 36. Rae1 Qg4+ 37. Kh2 Qh5+ 38. Kg2
Qg5+ 39. Kh2 Qh5+ 40. Kg2 Qg4+ 41. Kh2 Qh5+ 1/2-1/2

[Event "IX Floripa Chess Open Fort Atacadista"]
[Site "Florianópolis - Santa Catari"]
[Date "2023.01.29"]
[Round "10.39"]
[White "Kim, Thiago"]
[Black "Calcado, Acyr Rogerio"]
[Result "1/2-1/2"]
[WhiteElo "1980"]
[BlackElo "2106"]
[PlyCount "26"]
[EventDate "2023.01.23"]
[EventRounds "10"]
[EventCountry "BRA"]

1. e4 e5 2. Nf3 Nc6 3. d4 exd4 4. Bc4 Nf6 5. e5 Ng4 6. O-O d6 7. exd6 Qxd6 8.
Re1+ Be7 9. b3 O-O 10. Ba3 Qf6 11. Bxe7 Nxe7 12. Qxd4 Nc6 13. Qxf6 Nxf6 1/2-1/2

[Event "IX Floripa Chess Open Fort Atacadista"]
[Site "Florianópolis - Santa Catari"]
[Date "2023.01.29"]
[Round "10.40"]
[White "Reichert, Thiago Da Cruz"]
[Black "Trevisan, Rodrigo"]
[Result "1-0"]
[WhiteElo "1930"]
[BlackElo "2101"]
[PlyCount "87"]
[EventDate "2023.01.23"]
[EventRounds "10"]
[EventCountry "BRA"]

1. d4 Nf6 2. c4 g6 3. Nc3 d5 4. Nf3 Bg7 5. cxd5 Nxd5 6. Bd2 Nb6 7. Bg5 N8d7 8.
e3 Nf6 9. Bd3 O-O 10. O-O Be6 11. Qe2 Nfd5 12. Ne4 Nb4 13. Nc5 Bd5 14. b3 Nxd3
15. Nxd3 Qd7 16. e4 Bc6 17. Nfe5 Qxd4 18. Nxc6 bxc6 19. Rac1 Rfd8 20. Nc5 Qe5
21. Bh4 Bh6 22. Bg3 Bf4 23. Nd3 Rxd3 24. Qxd3 g5 25. Rxc6 f6 26. Rfc1 Kh8 27.
Rxc7 Rg8 28. a4 Qe6 29. Bxf4 gxf4 30. Qf3 Nd7 31. R1c6 Ne5 32. Rxe6 Nxf3+ 33.
Kh1 Ng5 34. Rexe7 f3 35. g3 Rd8 36. h4 Nh3 37. Rxh7+ Kg8 38. Rcg7+ Kf8 39. Rd7
Nxf2+ 40. Kg1 Rxd7 41. Rxd7 Nxe4 42. Rxa7 Nxg3 43. a5 Ne4 44. b4 1-0

[Event "IX Floripa Chess Open Fort Atacadista"]
[Site "Florianópolis - Santa Catari"]
[Date "2023.01.29"]
[Round "10.41"]
[White "Do Nascimento, Christian Almeida"]
[Black "Mariani, Daniel Brandao"]
[Result "1-0"]
[WhiteElo "2097"]
[BlackElo "1987"]
[PlyCount "83"]
[EventDate "2023.01.23"]
[EventRounds "10"]
[EventCountry "BRA"]

1. d4 Nf6 2. Bg5 Ne4 3. Bf4 d5 4. e3 c5 5. Bd3 Nf6 6. Nf3 Nc6 7. c3 Bg4 8. Nbd2
e6 9. Bb5 Nd7 10. O-O Be7 11. Be2 O-O 12. a3 Nf6 13. Ne5 Bxe2 14. Qxe2 Nxe5 15.
dxe5 Nd7 16. c4 f6 17. Nf3 fxe5 18. Nxe5 Nxe5 19. Bxe5 Bf6 20. Bg3 Qb6 21. Rab1
a5 22. Rfd1 Rad8 23. b3 Rf7 24. cxd5 exd5 25. Qg4 Qc6 26. Bh4 d4 27. exd4 Rxd4
28. Rxd4 Bxd4 29. b4 axb4 30. axb4 b6 31. Rc1 Qd5 32. bxc5 bxc5 33. h3 Qa2 34.
Rf1 h6 35. Bg3 Rf8 36. Bf4 Qf7 37. Bxh6 Bxf2+ 38. Kh1 Qe7 39. Bg5 Qf7 40. Qe2
Qd5 41. Be7 Rf7 42. Rxf2 1-0

[Event "IX Floripa Chess Open Fort Atacadista"]
[Site "Florianópolis - Santa Catari"]
[Date "2023.01.29"]
[Round "10.42"]
[White "Souza, Ramon Santana De"]
[Black "Souza, Rafael Cabral De"]
[Result "0-1"]
[WhiteElo "1933"]
[BlackElo "2096"]
[PlyCount "112"]
[EventDate "2023.01.23"]
[EventRounds "10"]
[EventCountry "BRA"]

1. e4 g6 2. d4 Bg7 3. Nc3 d6 4. f4 Nc6 5. Nf3 Bg4 6. Bb5 a6 7. Bxc6+ bxc6 8.
Be3 Rb8 9. b3 c5 10. Qd3 f5 11. Ng5 fxe4 12. Qc4 Nh6 13. a3 cxd4 14. Bxd4 e5
15. Ne6 Bxe6 16. Qxe6+ Qe7 17. Qxe7+ Kxe7 18. fxe5 Ke6 19. O-O-O Nf5 20. Nxe4
Nxd4 21. Rxd4 Bxe5 22. Ra4 Rb6 23. Re1 Rc6 24. Ng5+ Kf6 25. Nf3 Re8 26. Kd1 Re6
27. Rae4 Rc5 28. c4 Re7 29. R1e2 Rc6 30. Kc2 Rb6 31. c5 Rb8 32. Nd4 Rbe8 33.
Nc6 Re6 34. cxd6 Bxd6 35. Rxe6+ Rxe6 36. Rxe6+ Kxe6 37. Nb8 Bxa3 38. Nxa6 Bd6
39. Kd3 Bxh2 40. Ke4 Bd6 41. Nb8 g5 42. g4 Kf6 43. Nc6 Kg6 44. Nd4 h5 45. gxh5+
Kxh5 46. Nc2 g4 47. b4 Kh4 48. b5 Bc5 49. Kf4 Bf2 50. Nb4 Kh3 51. Nd3 Bb6 52.
Ne1 Bc5 53. Nd3 g3 54. Kf3 Bd6 55. Ne1 Bb4 56. Nc2 g2 0-1

[Event "IX Floripa Chess Open Fort Atacadista"]
[Site "Florianópolis - Santa Catari"]
[Date "2023.01.29"]
[Round "10.43"]
[White "Moyses Sobrinho, Elias"]
[Black "Heredia Serrano, Carla"]
[Result "1/2-1/2"]
[WhiteElo "1852"]
[BlackElo "2093"]
[PlyCount "53"]
[EventDate "2023.01.23"]
[EventRounds "10"]
[EventCountry "BRA"]

1. d4 d5 2. c4 Nc6 3. e3 e5 4. cxd5 Qxd5 5. Nc3 Bb4 6. Bd2 Bxc3 7. Bxc3 exd4 8.
Bxd4 Nxd4 9. Qxd4 Qxd4 10. exd4 Nf6 11. Bc4 O-O 12. Ne2 Re8 13. O-O Be6 14.
Bxe6 Rxe6 15. Nc3 Rd8 16. Rfd1 Red6 17. Ne2 g6 18. Rac1 c6 19. f3 Kg7 20. Kf2
h5 21. h4 Nd5 22. a3 Ne7 23. g4 hxg4 24. fxg4 Rh8 25. Kg3 Re6 26. Nc3 Re3+ 27.
Kf2 1/2-1/2

[Event "IX Floripa Chess Open Fort Atacadista"]
[Site "Florianópolis - Santa Catari"]
[Date "2023.01.29"]
[Round "10.44"]
[White "Perez, Hernan"]
[Black "Da Luz, Felipe Garcia"]
[Result "1/2-1/2"]
[WhiteElo "2081"]
[BlackElo "1914"]
[PlyCount "50"]
[EventDate "2023.01.23"]
[EventRounds "10"]
[EventCountry "BRA"]

1. Nf3 Nf6 2. b3 e6 3. Bb2 d5 4. e3 Be7 5. d4 O-O 6. Bd3 Nbd7 7. c4 c6 8. Qc2
Re8 9. Nc3 Nf8 10. e4 dxe4 11. Nxe4 Nxe4 12. Bxe4 Bb4+ 13. Nd2 c5 14. dxc5 Qg5
15. c6 bxc6 16. Bxc6 Rd8 17. O-O-O Rb8 18. Be4 Bb7 19. Bxb7 Rxb7 20. g3 Rbd7
21. Bc3 Bxc3 22. Qxc3 Rd3 23. Qb2 e5 24. Rhe1 f6 25. Qc2 a5 1/2-1/2

[Event "IX Floripa Chess Open Fort Atacadista"]
[Site "Florianópolis - Santa Catari"]
[Date "2023.01.29"]
[Round "10.45"]
[White "Ferreira, Gabriel Duque"]
[Black "Madeira, Wagner Martins"]
[Result "1/2-1/2"]
[WhiteElo "1848"]
[BlackElo "2080"]
[PlyCount "99"]
[EventDate "2023.01.23"]
[EventRounds "10"]
[EventCountry "BRA"]

1. c4 Nf6 2. Nc3 c5 3. Nf3 d5 4. cxd5 Nxd5 5. g3 Nc6 6. Bg2 Nc7 7. O-O e5 8. d3
Be7 9. Nd2 Bd7 10. Nc4 f6 11. f4 b5 12. Ne3 exf4 13. gxf4 O-O 14. f5 Rb8 15.
Ned5 Nxd5 16. Nxd5 Bd6 17. Be3 Nd4 18. b4 Nxf5 19. Bxc5 Bxc5+ 20. bxc5 Be6 21.
Rc1 Nh4 22. Nf4 Bxa2 23. e3 Bf7 24. Qg4 Nxg2 25. Qxg2 Re8 26. d4 Rxe3 27. Rfd1
g5 28. Kf2 Ra3 29. Qg4 Kh8 30. c6 Qg8 31. c7 Rc8 32. d5 Ra2+ 33. Kf1 Ra4 34. d6
Rxf4+ 35. Qxf4 gxf4 36. d7 Bc4+ 37. Kf2 Rxc7 38. d8=Q Qxd8 39. Rxd8+ Kg7 40.
Ra8 b4 41. Rd8 b3 42. Rd4 b2 43. Rb1 Bf7 44. Rxb2 Bg6 45. Rxf4 Bd3 46. Rd4 Bg6
47. Ra4 Bd3 48. Rd4 Bg6 49. Ra4 Bd3 50. Rd4 1/2-1/2

[Event "IX Floripa Chess Open Fort Atacadista"]
[Site "Florianópolis - Santa Catari"]
[Date "2023.01.29"]
[Round "10.46"]
[White "Eger, Laura Luisa"]
[Black "Cantero, Rodolfo"]
[Result "0-1"]
[WhiteElo "1800"]
[BlackElo "2070"]
[PlyCount "80"]
[EventDate "2023.01.23"]
[EventRounds "10"]
[EventCountry "BRA"]

1. e4 e5 2. Nf3 Nc6 3. Bc4 Be7 4. O-O Nf6 5. d3 O-O 6. Re1 d6 7. a4 Be6 8. Nbd2
Qd7 9. c3 Rfe8 10. Bxe6 Qxe6 11. Nc4 Nxe4 12. Ncxe5 dxe5 13. dxe4 Na5 14. Be3
Nb3 15. Rb1 f6 16. Nd2 Nc5 17. Bxc5 Bxc5 18. Qb3 Rad8 19. Rbd1 Bxf2+ 20. Kf1
Bxe1 21. Kxe1 Qxb3 22. Nxb3 Rxd1+ 23. Kxd1 Kf7 24. Ke2 g6 25. Nc5 f5 26. exf5
gxf5 27. b3 b6 28. Nd3 Ke6 29. g3 Rf8 30. Ke3 Rf6 31. Ne1 Rh6 32. Nf3 Kf6 33.
h4 Rg6 34. Kf2 Rg4 35. Nh2 Rg8 36. Nf1 Rd8 37. Ke2 e4 38. Ne3 Rd3 39. b4 Ke5
40. Nd1 Rxg3 0-1

[Event "IX Floripa Chess Open Fort Atacadista"]
[Site "Florianópolis - Santa Catari"]
[Date "2023.01.29"]
[Round "10.47"]
[White "Silva, Gabryel Lunardi Car"]
[Black "Mazetto, Sergio Luiz"]
[Result "0-1"]
[WhiteElo "1697"]
[BlackElo "2065"]
[PlyCount "68"]
[EventDate "2023.01.23"]
[EventRounds "10"]
[EventCountry "BRA"]

1. e4 c5 2. Nf3 g6 3. d4 cxd4 4. Qxd4 Nf6 5. Nc3 Nc6 6. Qa4 d6 7. e5 dxe5 8.
Nxe5 Bd7 9. Nxd7 Nxd7 10. b3 Bg7 11. Bb2 O-O 12. Bb5 Nb6 13. Qe4 Qc7 14. O-O-O
a5 15. Nd5 Bxb2+ 16. Kxb2 Nxd5 17. Rxd5 Rac8 18. c4 e6 19. Rdd1 Qb6 20. Rd2 Ra8
21. Bxc6 bxc6 22. Qd4 c5 23. Qd6 Qb7 24. Qxc5 Qxg2 25. Rdd1 a4 26. h4 axb3 27.
axb3 h5 28. Rhg1 Qf3 29. Rde1 Rfb8 30. Qe3 Qf6+ 31. Qe5 Qxf2+ 32. Kc3 Rd8 33.
Qg5 Qd4+ 34. Kc2 Ra2+ 0-1

[Event "IX Floripa Chess Open Fort Atacadista"]
[Site "Florianópolis - Santa Catari"]
[Date "2023.01.29"]
[Round "10.50"]
[White "Gomes, Luiz Alexandre De S"]
[Black "Muzzi, Eduardo"]
[Result "1-0"]
[WhiteElo "2335"]
[BlackElo "1917"]
[PlyCount "75"]
[EventDate "2023.01.23"]
[EventRounds "10"]
[EventCountry "BRA"]

1. c4 c5 2. Nc3 Nc6 3. g3 g6 4. Bg2 Nf6 5. e4 Bg7 6. Nge2 d6 7. h3 O-O 8. d3 a6
9. O-O Rb8 10. a4 Nd4 11. Nxd4 cxd4 12. Ne2 e5 13. f4 b5 14. axb5 axb5 15. b3
bxc4 16. bxc4 Nd7 17. Ba3 Nc5 18. fxe5 Bxe5 19. Nf4 Be6 20. h4 Qd7 21. Kh2 g5
22. hxg5 Qe7 23. Bxc5 dxc5 24. Qh5 Bg7 25. Ra2 Qd7 26. Raf2 Bg4 27. Qh4 Rb6 28.
Nd5 Rg6 29. Rf4 Be6 30. Rf5 Qd6 31. Nf4 Re8 32. Nxg6 Bxf5 33. exf5 hxg6 34. f6
Bf8 35. Be4 Rb8 36. Bxg6 Rb2+ 37. Kh3 fxg6 38. f7+ 1-0

[Event "IX Floripa Chess Open Fort Atacadista"]
[Site "Florianópolis - Santa Catari"]
[Date "2023.01.29"]
[Round "10.51"]
[White "De Souza, Regis Gabetta"]
[Black "Freitas, Ronan Cunha"]
[Result "1-0"]
[WhiteElo "2221"]
[BlackElo "1898"]
[PlyCount "91"]
[EventDate "2023.01.23"]
[EventRounds "10"]
[EventCountry "BRA"]

1. d4 Nf6 2. c4 g6 3. Nc3 Bg7 4. e4 d6 5. h3 O-O 6. Be3 e5 7. d5 c6 8. Nge2
cxd5 9. cxd5 b5 10. a3 Nbd7 11. g4 Nb6 12. Ng3 Nc4 13. Bc1 a6 14. b3 Nb6 15.
Be3 Bb7 16. Qd2 Rc8 17. Be2 Nbd7 18. h4 Qc7 19. Rc1 Qa5 20. Qb2 b4 21. axb4
Qxb4 22. Bd2 Qb6 23. g5 Ne8 24. b4 f6 25. Be3 Qd8 26. Bg4 Nc7 27. h5 f5 28.
exf5 gxf5 29. Bxf5 e4 30. Qb3 Ne5 31. Ncxe4 Bxd5 32. Qc2 Rxf5 33. Nxf5 Bc4 34.
f4 Nd3+ 35. Kd2 Nd5 36. Nxg7 Qe7 37. Qxd3 Bxd3 38. Rxc8+ Kxg7 39. Bd4+ Kf7 40.
Kxd3 Nxb4+ 41. Ke3 d5 42. g6+ hxg6 43. hxg6+ Ke6 44. Rh7 Nc2+ 45. Rxc2 Qa3+ 46.
Rc3 1-0

[Event "IX Floripa Chess Open Fort Atacadista"]
[Site "Florianópolis - Santa Catari"]
[Date "2023.01.29"]
[Round "10.52"]
[White "De Borba, Gabriel"]
[Black "Kayser, Gustavo Warmling"]
[Result "1-0"]
[WhiteElo "2191"]
[BlackElo "1898"]
[PlyCount "55"]
[EventDate "2023.01.23"]
[EventRounds "10"]
[EventCountry "BRA"]

1. e4 c6 2. Ne2 d5 3. e5 e6 4. d4 c5 5. c3 Ne7 6. dxc5 a5 7. Nd4 Nec6 8. Bb5
Bxc5 9. Qg4 Kf8 10. Bxc6 Nxc6 11. Nxc6 bxc6 12. O-O Ba6 13. Re1 Bd3 14. Nd2 a4
15. Nf3 Bg6 16. Nd4 Bxd4 17. Qxd4 Ra5 18. Bg5 Qc7 19. b4 c5 20. bxc5 Qxc5 21.
Rab1 Bxb1 22. Rxb1 f6 23. Rb8+ Kf7 24. Rb7+ Ke8 25. exf6 Qxd4 26. f7+ Kf8 27.
cxd4 Ra8 28. Bd2 1-0

[Event "IX Floripa Chess Open Fort Atacadista"]
[Site "Florianópolis - Santa Catari"]
[Date "2023.01.29"]
[Round "10.53"]
[White "Caetano, Hugo Zanotti Mendon"]
[Black "Rosa, Gabriel Redon"]
[Result "1/2-1/2"]
[WhiteElo "2166"]
[BlackElo "1883"]
[PlyCount "91"]
[EventDate "2023.01.23"]
[EventRounds "10"]
[EventCountry "BRA"]

1. d4 d5 2. c4 c6 3. cxd5 cxd5 4. Nc3 Nf6 5. Nf3 Nc6 6. Bf4 a6 7. e3 Bg4 8. Be2
e6 9. O-O Bd6 10. Bg5 Be7 11. Rc1 O-O 12. a3 Nd7 13. Bf4 Rc8 14. b4 Bxf3 15.
Bxf3 b5 16. Qd3 Nb6 17. Be2 Nc4 18. Ra1 Qd7 19. Rfb1 Rfd8 20. Bg3 Bd6 21. Bxd6
Qxd6 22. f4 Rc7 23. Bg4 f6 24. Bf3 Nb6 25. Ne2 Rdc8 26. Rc1 e5 27. dxe5 fxe5
28. Rc5 Rd8 29. Rd1 Ne7 30. fxe5 Qxe5 31. Rxc7 Qxc7 32. e4 d4 33. Nxd4 Nc4 34.
Qe2 Qb6 35. Qf2 Ng6 36. Nc2 Nge5 37. Qxb6 Rxd1+ 38. Bxd1 Nxb6 39. Be2 Kf7 40.
Kf2 Nbc4 41. Kg3 Kf6 42. h4 Nd6 43. Bf3 Nd3 44. Ne3 Ke5 45. Nd5 Nc4 46. Nc7
1/2-1/2

[Event "IX Floripa Chess Open Fort Atacadista"]
[Site "Florianópolis - Santa Catari"]
[Date "2023.01.29"]
[Round "10.54"]
[White "Pereira, Silvio Cunha"]
[Black "Calsing, Ado"]
[Result "1-0"]
[WhiteElo "2159"]
[BlackElo "1863"]
[PlyCount "67"]
[EventDate "2023.01.23"]
[EventRounds "10"]
[EventCountry "BRA"]

1. e4 c5 2. Nf3 e6 3. d4 cxd4 4. Nxd4 Nf6 5. Nc3 d6 6. Be2 a6 7. O-O Be7 8. Be3
O-O 9. f4 Qc7 10. Qe1 Nc6 11. Qg3 Kh8 12. Rad1 Bd7 13. Kh1 b5 14. a3 Rac8 15.
Nf3 Na5 16. e5 Ng8 17. f5 d5 18. Bd3 Nc4 19. Bd4 Bc5 20. Qh4 h6 21. Bxc4 bxc4
22. f6 g6 23. Ne2 Bxd4 24. Nexd4 Rb8 25. Rb1 Rb7 26. g4 Rfb8 27. g5 h5 28. b4
a5 29. c3 a4 30. Qe1 Qb6 31. Ng1 Qc7 32. Nh3 Kh7 33. Nf4 Qd8 34. Rf3 1-0

[Event "IX Floripa Chess Open Fort Atacadista"]
[Site "Florianópolis - Santa Catari"]
[Date "2023.01.29"]
[Round "10.55"]
[White "Seccafim, Caic Dos Santos"]
[Black "Dominguez, Facundo"]
[Result "1-0"]
[WhiteElo "1936"]
[BlackElo "2132"]
[PlyCount "49"]
[EventDate "2023.01.23"]
[EventRounds "10"]
[EventCountry "BRA"]

1. e4 e6 2. d3 d5 3. Nd2 Nf6 4. Ngf3 b6 5. g3 dxe4 6. dxe4 Bb7 7. Qe2 Bc5 8.
Bg2 O-O 9. O-O Ba6 10. c4 Nc6 11. e5 Nd7 12. Qe4 Bb7 13. Nb3 Be7 14. Re1 Na5
15. Qg4 Nxb3 16. Bh6 g6 17. axb3 Re8 18. Qf4 Bxf3 19. Bxf3 Rb8 20. Red1 Qc8 21.
Bc6 Rd8 22. Rd3 f5 23. Rad1 Nc5 24. Rxd8+ Bxd8 25. b4 1-0